LEADER 00886nam a2200217 4500 001 000000343732 003 CaOOAMICUS 005 20210113000000.0 008 210113s2011 it a 000 u ita r 040 $aSeMil$bita 245 00$aGuida alla visita del Santuario della Beata Vergine delle lacrime di Treviglio. 250 $a3. ed 264 1$aTreviglio :$bATAS,$c2011. 300 $a55 p. :$bill. ;$c21 cm 650 4$aTreviglio - Santuario della Madonna delle Lacrime.$0(OLS)http://semarc/subject/45103 850 $aSeMil 852 $aSeMil$W1$xVenegono$y1$m5G I 92$j223481$B234755$CSeMilBibl$Z2$F234755 $81 961 $aTremolda don Maurizio - Omaggio 996 $6245$aGuida alla visita del Santuario della Beata Vergine delle lacrime di Treviglio$9(OLS)http://semarc/title/432760 996 $6264$aTreviglio :$bATAS$9(OLS)http://semarc/publisher/59474 LEADER 00958nam a2200217 i 4500 001 000000199006 003 CaOOAMICUS 005 20110315000000.0 008 110315s2009 it u000 u ita u 013 $a177696 040 $aSeMil$bita 100 1 $aZin, Edoardo.$0(OLS)http://semarc/name/72034 245 13$aUn paese, un popolo, un pastore :$bnel decennale della morte di don Renato Puricelli /$cEdoardo Zin. 260 $a[S.l. :$bs.n.],$cstampa 2009$e(Varese :$fTipolitografia Galli & C.,$gstampa 2009) 300 $a30 p. ;$c21 cm. 650 4$aPuricelli, Renato .$0(OLS)http://semarc/subject/37392 850 $aSeMil 852 $aSeMil$W1$xVenegono$y1$m5D X 11/35$j149559$B149559$CSeMilBibl$Z2$F160945 $81 961 $aOmaggio: Altro 996 $6245$aUn paese, un popolo, un pastore :$bnel decennale della morte di don Renato Puricelli$9(OLS)http://semarc/title/287704 996 $6260$a[S.l. :$bs.n.]$9(OLS)http://semarc/publisher/29751